Quizzes
Events
Quiz Creation
Community
Videos
Private Events
Remove Ads
Sign In
Join for FREE
Feedback
Dark Mode
Quiz Categories
Sports
Geography
Music
Movies
Television
Just For Fun
Miscellaneous
History
Literature
Language
Science
Gaming
Entertainment
Religion
Holiday
For Kids
Quiz Lab
Recent
Popular Today
Quiz Kudos Today
Editor Picks
Curator Picks
Quizzes by...
Day
Popularity
Type
Ratings
Length
Year
Community
Subscriptions
Recent Discussions
Orange Saloon
Badges
Playlists
Quests
Create
Leaderboards
Showdown
Live 5
Trivia Bingo
Activity
Puzzle Library
Sporcle Events
Private Events
Virtual Trivia
Globe League
Become a Host
Pub Owners
SporcleCon
Opinionation
Our Games
Videos
Blog
Mobile Apps
Partnerships
Remove Ads and Go Orange
Feedback
Movies
Disney
Marvel Cinematic Universe
Movie Resume
Movie Titles
Oscar
Actor
Actress
Director
Pixar
Role
Movie Quotes
Movie Characters
Box Office
Nominee
Best Picture
Star Wars
James Bond
Horror Movies
Movies
Disney
Marvel Cinematic Universe
Movie Resume
Movie Titles
Oscar
Actor
Actress
Director
Pixar
Role
Movie Quotes
Movie Characters
Box Office
Nominee
Best Picture
Star Wars
James Bond
Horror Movies
Random Quiz
Search Sporcle
×
Quiz Lab
Quiz Lab
Movies
Director
Type in answers that appear in a list
Type in answers that appear in a list
Classic
Best Score? Go Orange.
Jean-Luc Cinema Godard Stats
Can you name the feature films directed by Jean-Luc Godard?
By
SpeedyTH
10m
36 Questions
88 Plays
88 Plays
88 Plays
Comments
Comments
Give Quiz Kudos
Give Quiz Kudos
-
- Ratings
hide this ad
Replay
Link that replays current quiz
Next Quiz
Link to next quiz in quiz playlist
You Got
0%
They Got
Avg Score
53%
Avg Friend Score
Upgrade to see
Score Distribution
Jump to the score distribution portion of the page
Score
0/36
Timer
10:00
0
Plays Today
Year
Film
% Correct
1960
Breathless
98.9%
1967
Week End
92%
1965
Pierrot le fou
86.4%
1963
Contempt
83%
1964
Band of Outsiders
83%
1965
Alphaville
81.8%
1962
Vivre sa vie
78.4%
1961
A Woman Is a Woman
76.1%
1966
Masculin féminin
72.7%
1967
La Chinoise
72.7%
1966
Made In USA
69.3%
1960
Le Petit soldat
67%
1967
2 or 3 Things I Know About Her
62.5%
2010
Film socialisme
62.5%
1972
Tout va bien
54.5%
2004
Notre musique
53.4%
1982
Passion
52.3%
1985
Détective
52.3%
Year
Film
% Correct
1983
Prénom Carmen
51.1%
1985
Hail Mary
51.1%
1987
King Lear
50%
1964
Une femme mariée
47.7%
2001
Éloge de l'amour
47.7%
1963
Les Carabiniers
46.6%
1968
One Plus One
45.5%
1990
Nouvelle vague
42%
1980
Sauve qui peut (la vie)
37.5%
1996
For Ever Mozart
31.8%
1993
Hélas pour moi
28.4%
1975
Numéro deux
26.1%
1968
Le Gai savoir
23.9%
1991
Germany Year 90 Nine Zero
23.9%
1987
Keep Your Right Up
22.7%
1994
JLG/JLG
21.6%
1978
Comment ça va?
13.6%
1993
The Kids Play Russian
4.5%
Quiz Playlist
Details
Report
Send in Message
Add To Playlist
Classic:
Type in answers that appear in a list
Last Updated: Feb 16, 2017
Quiz Scoreboard
CHALLENGE
Sign Up to Join the Scoreboard
Show All
Scores
Hide
Comments
May contain spoilers
Recently Published
Decade Duel: World Leaders
by jenniferyan
History
4m
Alphabetical 'K' Countries by Flag Minefield
by ylime102
Geography
3m
Pick 6: Fruits
by JohnFran
Miscellaneous
15s
More to Explore
Quiz From the Vault
Featured Blog Post
15 Basketball Trivia Facts You Can Be March Mad About
hide this ad
You Might Also Like...
Tags
Director Quiz
Today's Top Quizzes in Movies
Browse Movies
hide this ad
Today's Top Quizzes in Director
Browse Director
Top Contributed Quizzes in Movies
1
Pick 6: Harry Potter
2
Pick 6: Movie Franchises
3
Pick 6: Actors
4
Pick 6: Actresses
5
Pick 6: Disney Princesses
6
Movies of the Seasons
7
Match The President To The Fictional Crisis
8
Decade Duel: Best Picture Winner
9
Decade Duel: Disney Animated Movies
10
Seasonal Films
Explore More
Trending Topics
Kpop
Crossword
Harry Potter
NBA
Marvel
Anime
Disney
The Office
Song
Puzzle
Soccer
NFL
WWE
Country
Pokémon
hide this ad
More By:
SpeedyTH
Quiz
Plays
Rating
Category
Featured
Created
Sight & Sound's Top Directors
219
4.67
Movies
Aug 2, 2010
Sight & Sound Top 10 Polls
209
5.00
Movies
Aug 2, 2010
Sight & Sound's best directors 1977-2002
181
Movies
Aug 5, 2010
Sight & Sound's best films 1977-2002
142
Movies
Aug 5, 2010
Jean-Luc Cinema Godard
88
5.00
Movies
Aug 8, 2010
Go to Creator's Profile
Score Distribution
Quiz Creator Spotlight
SpeedyTH
Follow
Send a Message
Quizzes Created
-
Created Quiz Play Count
-
More By This Creator
Popular Quizzes Today
1
Countries of Asia Without Outlines Minefield
2
Find the US States - No Outlines Minefield
3
Pick 6: Fruits
4
The Countries of the World
5
Alphabetical 'K' Countries by Flag Minefield
6
Find the Countries of Europe - No Outlines Minefield
7
US States
8
Find the US States
More Movies Quizzes
F. Murray Abraham as...
Quiz Lab
Trending Quizzes
Pick 6: Mountains
Pick 6: Harry Potter
Pick 6: Flags
Pick 6: NFL Teams
Pick 6: Movie Franchises
Recently Updated
Adaptations: Name the Title
pecheneg
NWSL Teams
pecheneg
Women's Final Four Teams by Year
bhenderson79
Presidents Quartet II
eogle
Anything But Clue(do)
eogle
Anything But Oceanian Capitals
eogle
Anything But 7
eogle
Anything But Thing
eogle
Word Ladder: February 29
pecheneg
Song Title Questions
pecheneg
Trending Topics
Crossword
Kpop
NBA
Disney
Harry Potter
Marvel
Anime
The Office
NFL
Soccer
WWE
Puzzle
Song
Country
Pokémon
Your Account Isn't Verified!
In order to create a playlist on Sporcle, you need to verify the email address you used during registration. Go to your
Sporcle Settings
to finish the process.
Report this User
Report this user for behavior that violates our
Community Guidelines
.
Details:
Send Report
Go to the Sporcle.com Mobile Site →
Comments